000 00428nam a22000977a 4500
008 171002b xxu||||| |||| 00| 0 eng d
100 _aPrice, John M.
245 _aStreet car R.P.O. service in Brooklyn and New York City
260 _bMobile Post Office Society
_c1979
650 _aUnited States -- New York -- New York City -- Brooklyn | Street Car Mail | Mobile Post Offices | Transportation of Mail | Postal History | Postal Service
999 _c2497
_d2497